000 00467cam a2200193 4500
001 D8655
008 090401t1977 xxu||||| |||| 00| 0 eng d
035 _a(Sirsi) u14428
041 _aeng
050 _a711.1
100 _aSewell, W.R.Derrick (ed)
245 _aPublic participation in planning
260 _aLondon
_bJohn Wiley and Sons
_c1977
300 _axi. 217p. 23cm
350 _a9
700 _aCoppock, J.T (ed)
942 _n0
948 _c04/03/1997
999 _c87181
_d87181